|
|
|
|
| LEADER |
00000cam a2200000 a 4500 |
| 001 |
vtls001151944 |
| 003 |
SK-MaSNL |
| 005 |
20260301111957.0 |
| 008 |
250414s1958 xxuo grh 00000beng |
| 020 |
|
|
|q (brož.)
|
| 035 |
|
|
|a SNK000094826
|
| 040 |
|
|
|a SNK
|b slo
|c SNK
|e AACR2
|
| 041 |
0 |
|
|a eng
|
| 043 |
|
|
|a e-fr---
|
| 044 |
|
|
|a xxu
|c US
|
| 072 |
|
7 |
|a 929
|x Biografie
|2 konspekt
|
| 080 |
|
|
|a 75(44)(09)(084.1)=2:92 Arp, J.H.
|2 1981
|
| 080 |
|
|
|a 92 Arp, J.H.
|2 1981
|
| 080 |
|
|
|a 929(092)
|2 2011
|
| 080 |
|
|
|a (44)
|2 2011
|
| 080 |
|
|
|a 821.133.1-1-051
|2 2001
|
| 080 |
|
|
|a 75.071.1
|2 2011
|
| 080 |
|
|
|a 730.071.1-055.1
|2 2011
|
| 245 |
0 |
0 |
|a Arp
|c ed. James Thrall Soby
|
| 260 |
|
|
|a New York
|b Museum of Modern Art
|c 1958
|
| 300 |
|
|
|a 126 s.
|b fotogr.
|c 8°
|
| 600 |
1 |
7 |
|a Arp, Jean,
|d 1887-1966
|2 SNKMA
|9 451979
|
| 650 |
0 |
7 |
|a francúzski básnici
|2 SNKPH
|9 121585
|
| 650 |
0 |
7 |
|a maliari
|2 SNKPH
|9 3150
|
| 650 |
0 |
7 |
|a sochári
|2 SNKPH
|9 3055
|
| 651 |
|
7 |
|a Francúzsko
|2 SNKPHgeo
|9 15907
|
| 655 |
|
7 |
|a biografie
|2 SNKPH
|9 27965
|
| 700 |
1 |
|
|a Soby, James Thrall,
|d 1906-1979
|4 edt
|9 451980
|
| 852 |
|
|
|a Slovenská národná knižnica
|
| 954 |
|
|
|a odborná, vedecká literatúra cudzojazyčná (svetová)
|2 lita
|
| 958 |
|
|
|a RK
|
| 958 |
|
|
|a TL
|
| 958 |
|
|
|a BC
|
| 958 |
|
|
|a FR
|
| 958 |
|
|
|a OND
|
| 999 |
|
|
|c 709014
|d 710944
|
| 952 |
|
|
|t P60, <04>, [BOOK], {604}
|a SNK
|b SNK
|y VYP
|7 0
|p 17A0022696
|o snkIC 106079
|0 0
|1 0
|4 0
|d 1996-11-29
|l 0
|r 2005-01-01 00:00:00
|w 2026-02-23
|